Представление документа в формате RUSMARC

ПолеНазваниеЗначение
  Тип записи a
  Библиографический уровень m
001 Контрольный номер RU/SLIB/B/208761546
005 Дата корректировки 20201206204219.6
010 Индекс ISBN __
a ISBN 5-238-00711-6
d Цена 78-00
021 № государственной регистрации __
b № документа 2004-33901
b № документа 1701
100 Данные общей обработки __
a Данные общей обработки 19040609d2004 |||y0rusy0189 ca
101 Язык документа 0_
a Язык текста rus
c Язык оригинала rus
102 Страна публикации __
a Страна публикации ru
105 Кодированные данные (монография) __
a Кодированные данные (монография) y |||||||zy
200 Заглавие и сведения об ответственности 1_
a Заглавие Право социального обеспечения
e Сведения, относящиеся к заглавию учеб. пособие для студентов вузов
f Первые сведения об ответственности Д. А. Никонов, А. В. Стремоухов ; под ред. А. В. Стреоухов
b Общее обозначение материала Текст
210 Выходные данные __
a Место издания М.
c Издательство ЮНИТИ
c Издательство Закон и право
d Дата издания 2004
215 Физическое описание __
a Объем 223 с.
225 Серия __
a Серия Профессиональный учебник
i Наименование части Отрасли российского права
320 Библиография __
a Библиография Библиогр.: с. 204-221 (220 назв.)
330 Аннотация __
a Аннотация Пособие разработано на основе новейших нормативных правовых актов, учебной и монографической литературы по праву социального обеспечения.
606 Тематические рубрики __
a Основная рубрика Право
606 Тематические рубрики __
a Основная рубрика Право социального обеспечения
610 Ключевые слова __
a Ключевые слова пенсионное обеспечение; пенсионное право; пенсии; пособия; социальные пособия; компенсации; медицинская помощь; льготы; обязательное социальное страхование; государственная помощь; социальное обслуживание; страховой стаж; трудовой стаж; пенсия по инвалидности; компенсационные выплаты; санаторно-курортное лечение
686 Индексы других классификаций __
a Классификационный индекс 67.405.2(2Рос)я73
700 Автор _1
a Фамилия Никонов
b Имя Д. А.
g Полное личное имя Дмитрий Анатольевич
4 Код отношения 070
702 Вторичная интеллектуальная ответственность _1
a Фамилия Стремоухов
b Имя А. В.
4 Код отношения Автор
g Полное личное имя Алексей Васильевич
4 Код отношения 070
4 Код отношения 340
801 Источник записи _0
a Страна ru
b Организация Муниципальное бюджетное учреждение культуры "Централизованная библиотечная система" г. Сургут (Центральная городская библиотека им. А. С. Пушкина)
c Дата составления 20040609
g Правила каталогизации КиК/Уланова; КиК/Елгина
801 Источник записи _1
a Страна ru
b Организация Муниципальное бюджетное учреждение культуры "Централизованная библиотечная система" г. Сургут (Центральная городская библиотека им. А. С. Пушкина)
c Дата составления 20040609
g Правила каталогизации КиК/Уланова; КиК/Елгина
852 Данные о местонахождении __
j Шифр хранения 67.405.2(2Рос)я73
c Каталожный индекс 67.405(2Рос)я73
i Авторский знак Н 64
p Инвентарный номер Б/Н
901 Тип документа __
t Тип документа m
903 Характеристики (МАРС) __
a Дата передачи 20060410; 20050411
969 Тип издания __
a Тип издания учебное пособие
990 Данные о заказе (DOS) __
j Количество экземпляров (DOS) 1
h N записи в КСУ для Б/У (DOS) 200504